| 000 | 00000nam##2200000za#4500 |
| 001 | 9.697884 |
| 003 | CaOODSP |
| 005 | 20210624235659 |
| 007 | cr ||||||||||| |
| 008 | 150407|1985||||xxc|||||o f|0| 0 eng|d |
| 040 | |aCaOODSP|beng |
| 043 | |an-cn--- |
| 086 | 1 |aA43-1792/1985E-PDF |
| 110 | 1 |aCanada.|bAgriculture Canada. |bAnimal Health Division. |
| 245 | 10|aFoot and mouth disease |h[electronic resource] |
| 246 | 13|aOutbreak alert |
| 260 | |aOttawa - Ontario : |bAgriculture Canada. |c1988, c1985. |
| 300 | |a8p.|bphotographs |
| 500 | |aHistorical publication digitized by Agriculture and Agri-Food Canada. |
| 590 | |a13-17-Supp|b2013-07-25 |
| 690 | 07|aAnimal diseases|2gcpds |
| 690 | 07|aFarming|2gcpds |
| 690 | 07|aLivestock|2gcpds |
| 775 | 08|tGare aux maladies exotiques |w(CaOODSP)9.641810 |
| 856 | 40|ahttp://publications.gc.ca|qPDF|s827 KB|uhttps://publications.gc.ca/collections/collection_2013/aac-aafc/agrhist/A43-1792-1985-eng.pdf |
| 986 | |a1792/E |